Countries With the Letter M - Statistics

General Stats
  • This quiz has been taken 61 times
  • The average score is 42 of 53
Answer Stats
Country % Correct
Malaysia
97%
Myanmar
97%
Mauritania
94%
Mauritius
94%
Mexico
94%
Montenegro
94%
Malawi
91%
Mali
91%
Oman
91%
Dominican Republic
88%
Monaco
88%
Mongolia
88%
North Macedonia
88%
Armenia
85%
Dominica
85%
Gambia
85%
Madagascar
85%
Panama
85%
Romania
85%
Somalia
85%
Belgium
82%
Colombia
82%
Moldova
82%
Morocco
82%
Mozambique
82%
Namibia
82%
Cameroon
79%
Comoros
79%
Democratic Republicof the Congo
79%
Germany
79%
Luxembourg
79%
Maldives
79%
Malta
79%
United Arab Emirates
79%
Yemen
79%
Zambia
79%
Denmark
76%
Federated States of Micronesia
76%
Marshall Islands
76%
Suriname
76%
United Kingdom
76%
Vietnam
76%
Zimbabwe
76%
Bahamas
73%
San Marino
73%
Guatemala
70%
Jamaica
70%
Samoa
70%
São Tomé and Príncipe
70%
Cambodia
67%
Solomon Islands
58%
Turkmenistan
58%
East Timor
42%
No matching quizzes found
Score Distribution
Percent of People with Each Score
Percentile by Number Answered
Your Score History
You have not taken this quiz